000 00298nam a22001337a 4500
003 SGT
082 _a631.8
_bRAN
100 _aRANA DR SURINDER S .
245 _aWEED MANAGEMENT
260 _aNEW DELHI
_bBHAVYA BOOK PUB.
_c2023
300 _a338
650 _aWEED MANAGEMENT
942 _2ddc
_cBK
999 _c26892
_d26892